000 00851nam a22002537a 4500
003 OSt
005 20250530130503.0
008 250530b |||||||| |||| 00| 0 eng d
020 _a9780323790062 (hardcover)
040 _aNUST
_beng
_cNUST
_dNUST
_erda
050 _aRC46 KEL
100 _aKellerman, Rick D
_eAuthor
245 _aConn's current therapy 2021 /
_cRick D Kellerman and David Rakel.
260 _aPhiladelphia, PA :
_bElsevier,
_c©2021.
300 _axxxvii, 1496 pages :
_bIllustrations ;
_c29 cm.
336 _2rdacontent
_atext
_btxt
337 _2rdamedia
_aunmediated
_bn
338 _2rdacarrier
_avolume
_bnc
504 _aIncludes bibliographical references and index.
650 _vFamily medicine.
650 _vPrimary care.
700 _aRakel, David
_eAuthor
942 _2lcc
_cBOOKS
_hRC46 KEL
_kRC
_mKEL
_n0
999 _c171918
_d171918